000 00719nam a22001817a 4500
008 100316r19992006ii|||||r|||| 001 0 eng d
020 _a0000000282819
082 _222
_a669.0284
_bNAR
100 _912820
_aNarain, Satya
245 _a An Introduction to Electrometallurgy/
_cBy Satya Narain & Rajendra Sharan
260 _aNew Delhi:
_bStandard Pub., 1999
_c1999
300 _a603p.:
_bill.;
_c22 cm.
504 _aIncludes bibliographical references(581-597) and index
650 _912821
_aElectrometallurgy
700 _912822
_aSharan, Rajendra
942 _2ddc
_cBB
999 _c13713
_d13713